000 02000cam a22004814i 4500
003 PE-LiUPU
005 20250731173424.0
008 150706s r 000 0 d
020 _a9781616387693
035 _a(Sirsi) i9781616387693
040 _aPE-LiUPU
_bspa
_cPE-LiUPU
_erda
049 _aPRUA
082 0 4 _a234.13
_bB72
_221
100 1 _aBonnke, Reinhard,
_eautor.
245 1 0 _aMomento de actuar /
_cReinhard Bonnke.
264 1 _aLake Mary, Florida :
_bCasa Creación,
_c2012.
300 _a301 páginas ;
_c22 cm.
336 _atext
_2rdacontent
337 _aunmediated
_2rdamedia
338 _avolume
_2rdacarrier
500 _aCómo recibir y operar en los dones y el poder del Espíritu Santo. tomado de la cubiertaFundador de Cristo para todas las naciones.
505 0 _aTres pilares de sabiduría -- Dios ha tomado el campo -- La unción -- Cómo llegaron los dones -- Regalas de oro de los dones -- Palabras de la Palabra -- Una palabra de sabiduría -- Una palabra de conocimiento -- Fe -- Sanidad, parte 1 -- Sanidad, parte 2 -- Milagros -- Profecía -- Discernimiento -- Lenguas e interpretación -- Lenguas repartidas como de fuego.
526 _aSEG42
526 _aSEG41
526 _aSEG40
526 _aSEG39
526 _aP94
526 _aP87
526 _aP86
526 _aP85
526 _aP77
526 _aP76
526 _aP35
541 _g001-0000607;
650 0 4 _aDones espirituales.
_91203
700 1 _aBelmonte,
_etr.
910 _agl
_bjv
_cng
_d20121024
942 _2ddc
_cBOOK
949 _a234.13 B72
_wDEWEY
_c1
_i65692
_lCCODEBUL1
_mBUL
_p31.00
_r0
_sY
_tBOOK
_u2015-7-6
_xTEOLOGIA
_PP35
_o.STAFF. Colección General
994 _aC0
_bPEPRU
596 _a1
999 _a234.13 B72
_wDEWEY
_c54124
_i65692
_d54124
_f2021-11-10
_g5
_lCCODEBUL1
_mBUL
_p31.00
_q3
_r0
_sY
_tBOOK
_u2015-7-6
_xTEOLOGIA
_PP35
_0COMPRA
_o.STAFF. Colección General
980 _81
_gALBERTO SANCHEZ Responsable de Automatización